00723nam a2200157Ia 4500008004100000100002600041245008900067245016900156260005300325260000900378300001000387650001500397856006100412999001900473952007300492170221s9999 xx 000 0 und d aElmira R. Khairullina 4aThe Real and the Ideal Engineer-Technologist in the View of Employers and Educators  cElmira R. Khairullina, Liliia Yu. Makhotkina, Aida V. Kiryakova, Vladimir V. Baranov, Olga G. Maksimova, Elena G. Khrisanova, Olga F. Piralova, Alfiya R. Masalimova bInternational Review of Management and Marketing c2016 a6 : 1 xMarketing. uhttp://www.econjournals.com/index.php/irmm/issue/view/64 c308585d308585 001040aCLbCLd2017-02-21l0r2017-02-21 00:00:00w2017-02-21yFOJ